00593nam a2200205Ia 450000500170000000800410001702000150005808200190007324500600009226000250015230000180017765000120019565000110020765000100021870000220022870000210025094200060027195200950027799900150037220241220030935.0240331s9999 xx 000 0 und d a8185604819 bLIN26171a305 0aCulture, Power and AgencybGender in Indian Ethnography aKolkatabSTREEc2006 axxiv, 231 p., aCulture aGender aWomen aFruzzetti, Leedt aTenhunen, Seedt cL 001040708LaWERCLbWERCLcSSCd2024-03-31l0o 305 CULp6171r2024-03-31w2024-03-31yL c4479d4479